Cataluña textil : revista mensual hispano-americana revista mensual hispano-americana
Descripción Física:
1 exemplar : il·lustracions, periodicitat mensual ; 32 cm
Idioma:
Español
MARC
| LEADER | 00000nas a2200000 a 4500 | ||
|---|---|---|---|
| 001 | 27847 | ||
| 003 | Arxiu | ||
| 005 | 20260324175948.0 | ||
| 008 | 160829d19061937spcmr p] xx spa c | ||
| 040 | |a AGDB | ||
| 080 | |a Revistes | ||
| 245 | 0 | 0 | |a Cataluña textil : |b revista mensual hispano-americana |
| 260 | |a Badalona : |b [s.n., |c 1906-1937] | ||
| 300 | |a 1 exemplar : |b il·lustracions, periodicitat mensual ; |c 32 cm | ||
| 310 | |a Mensual | ||
| 362 | |a Tomo 1, no. 1 (oct. 1906)- | ||
| 530 | |a També disponible en línia | ||
| 590 | |a Mensual. | ||
| 590 | |a Descripció basada en: T. 9, no. 107 (Agosto 1915) | ||
| 650 | |a Indústria tèxtil |x Revistes |9 47188 | ||
| 655 | 0 | |9 55823 |a Revistes | |
| 752 | |a Catalunya |b Barcelona (Província) |c Barcelonès |d Badalona | ||
| 856 | 4 | 0 | |u https://arca.bnc.cat/arcabib_pro/ca/consulta/registro.do?id=2471 |z Accés a text complet |
| 866 | |a 1915 (107) | ||
| 901 | |a Arxiu | ||
| 942 | |n 1 |2 udc |c REV | ||
| 952 | |0 0 |1 0 |4 0 |6 REV2124 |7 1 |9 50904 |a Arxiu |b Arxiu |d 2023-05-10 |h Tom XI, nº 107 (agosto 1915) |o Rev-2124 |p 27847 |r 2016-12-01 00:00:00 |w 2016-12-01 |y ARXIU | ||
| 999 | |c 54746 |d 54746 | ||